| 000 | 00000nam##2200000za#4500 |
| 001 | 9.663079 |
| 003 | CaOODSP |
| 005 | 20220125145841 |
| 007 | ta |
| 008 | 150407|2001||||xxc||||| f|0| 0 eng|d |
| 020 | |a0-662-65977-5 |
| 040 | |aCaOODSP|beng |
| 041 | |aeng |
| 041 | |afre |
| 043 | |an-cn--- |
| 086 | 1 |aDB3-22/2001-1 |
| 110 | 1 |aCanada. |bDepartment of National Defence. |
| 245 | 10|aLeadmark: the Navy's strategy for 2020 : |ba summary / |cIssued by Directorate of Maritime Strategy, NDHQ/Chief of the Maritime Staff. |
| 260 | |aOttawa - Ontario : |bNational Defence |c2001. |
| 546 | |aBilingual |
| 563 | |aSoftcover |
| 590 | |a01-47|b2001-11-23 |
| 690 | 07|aArmed forces|2gcpds |
| 690 | 07|aBoundary waters|2gcpds |
| 690 | 07|aDefence policy|2gcpds |
| 792 | |tPoint de mire : stratégie de la marine pour 2020 : |efre|w(CaOODSP)9.663080 |